000 00604cam a22002171 4500
001 sa 67002193
003 DLC
005 20260227112329.0
008 890727q19601967ii 000 0 hino
010 _asa 67002193
035 _a(OCoLC)20081884
040 _aDLC
_cWaU
_dNRU
_dDLC
042 _apremarc
050 0 0 _aPK2057
_b.K73
100 0 _aKshem Chandra,
_d1917-
245 1 0 _aHindī ke sarvaśreshṭha prema gīta.
_cSampādaka Kshemacandra 'Sumana'.
260 _aDillī,
_bHinda Paukeṭa Buksa
_c[196-]
300 _a144 p.
_c18 cm.
500 _aIn Hindi.
650 0 _aLove poetry, Hindi.
999 _c73108
_d73108